Top 20 countries with the most pixels painted on Wplace.live - Statistics

General Stats
  • This quiz has been taken 19 times
  • The average score is 15 of 20
Answer Stats
Answer % Correct
United States
100%
China
93%
Russia
93%
Brazil
87%
Canada
87%
Mexico
87%
Spain
87%
United Kingdom
87%
France
80%
Germany
80%
Japan
73%
Poland
73%
Turkey
67%
Argentina
60%
Chile
60%
Ukraine
60%
Indonesia
53%
Peru
53%
Colombia
47%
Vietnam
40%
No matching quizzes found
Score Distribution
Percent of People with Each Score
Percentile by Number Answered
Your Score History
You have not taken this quiz